Les batailles nocturnes : sorcellerie et rituels agraires en frioul XVI - XVIIe siecle
Αποθηκεύτηκε σε:
| Κύριος συγγραφέας: | |
|---|---|
| Άλλοι συγγραφείς: | |
| Μορφή: | Βιβλίο |
| Γλώσσα: | French Italian |
| Δημοσίευση: |
Lagrasse :
Verdier,
1980.
|
| Θέματα: | |
| Ετικέτες: |
Προσθήκη ετικέτας
Δεν υπάρχουν, Καταχωρήστε ετικέτα πρώτοι!
|
MARC
| LEADER | 00000cam a2200000 i 4500 | ||
|---|---|---|---|
| 001 | 1/84306 | ||
| 008 | 960524s1980 fr | ||| |||| ||fre|| | ||
| 020 | |a 2864320053 | ||
| 035 | |l 10006000 | ||
| 040 | |a GR-MyUA |b gre |e AACR2 | ||
| 041 | 1 | |a fre |h ita | |
| 082 | 0 | |a 398.41094539 | |
| 100 | 1 | |a Ginzburg, Carlo. | |
| 245 | 1 | 4 | |a Les batailles nocturnes : |b sorcellerie et rituels agraires en frioul XVI - XVIIe siecle / |c Carlo Ginzburg ; traduit de l'italien par Giordana Charuty. |
| 260 | |a Lagrasse : |b Verdier, |c 1980. | ||
| 300 | |a 238 σ. | ||
| 500 | |a Suivi d' un ebtretien entre Giordana Charuty, Daniel Fabre et Carlo Ginzburg | ||
| 500 | |a Τίτλος πρωτοτύπου: I benandanti-stregoneria e culti agrari tra cinquecento e seicento. | ||
| 650 | 0 | 0 | |a Witchcraft |z Italy |z Friuli. |
| 651 | 0 | |a Friuli (Italy) |x Religious life and customs. | |
| 700 | 1 | |a Charuty, Giordana, |e trlf | |
| 852 | |a INST |b LESVOS |e 19960524 |h 398.41094539 GIN |p 005100010191 |q 005100010191 |t BK |y 0 | ||
| 852 | |a INST |b LESVOS |e 19960524 |h 398.41094539 GIN |p 005100010192 |q 005100010192 |t BK |y 0 | ||
| 852 | |a INST |b LESVOS |e 19960524 |h 398.41094539 GIN |p 005100010193 |q 005100010193 |t BK |y 0 | ||
| 909 | |a Λ |b 008443 | ||